The Quality Standard Master Plan : the complete ISO 9000 implementation kit including ready drafted quality manual and procedures.
| Main Author: | |
|---|---|
| Format: | Book |
| Published: |
[s.l]:
Wyvern Crest,
1996.
|
| Subjects: |
| LEADER | 00543cam a2200169 7i4500 | ||
|---|---|---|---|
| 001 | 0000006508 | ||
| 005 | 19991025090000.0 | ||
| 002 | ##000008200 | ||
| 020 | 0 | 0 | |a 1-899206-07-8 |
| 090 | 0 | 0 | |a B 389.6 |b BRI |
| 100 | 0 | 0 | |a Ashwood |
| 245 | 0 | 0 | |a The Quality Standard Master Plan : |b the complete ISO 9000 implementation kit including ready drafted quality manual and procedures. |
| 260 | 0 | 0 | |a [s.l]: |b Wyvern Crest, |c 1996. |
| 300 | 0 | 0 | |a 429 p.. |
| 650 | 0 | 0 | |a ISO 9000 |
| 650 | 0 | 0 | |a Quality Standards |
| 999 | |a B000000955 |b Book |c Open shelf |e Business Information Centre | ||


